Zones of Ethiopia With a Map - Statistics

General Stats
  • This quiz has been taken 339 times
  • The average score is 17 of 92
Answers on the Map
Answers color-coded by a green-red scale on the quiz's map according to % correct below.
 
Answer Stats
Region Zone % Correct
Addis Ababa Addis Ababa
92%
Oromia Finfine
92%
Dire Dawa Dire Dawa
46%
Dire Dawa Dire Dawa Rural
46%
Tigray Southern
43%
Tigray Western
42%
Tigray Eastern
41%
Tigray Central
37%
Amhara Oromia
36%
Tigray Mekelle
35%
Harari Harari
34%
Tigray North Western
34%
Tigray South Eastern
33%
Afar Awsi Rasu
26%
Sidama Sidama
23%
Oromia East Shewa
22%
Amhara North Gondar
22%
Amhara North Shewa
22%
Oromia North Shewa
22%
Amhara South Gondar
22%
Amhara West Gondar
21%
Oromia Arsi
20%
Oromia Bale
20%
Amhara Central Gondar
20%
Afar Fanti Rasu
20%
Afar Gabi Rasu
20%
Afar Hari Rasu
20%
Afar Kilbati Rasu
20%
Oromia West Shewa
20%
SNNPR Guraghe
19%
Oromia South West Shewa
19%
Oromia East Bale
18%
Oromia Jimma
18%
Benishangul-Gumuz Assosa
17%
Oromia Borena
17%
Amhara East Gojam
17%
Oromia East Wellega
17%
SNNPR South Omo
17%
Oromia West Arsi
17%
Oromia West Wellega
17%
South West Mirab Omo
16%
Somali Shabelle
16%
Amhara West Gojam
16%
Oromia Guji
15%
SNNPR Konso
15%
Oromia East Hararge
14%
Somali Erer
14%
SNNPR Hadiya
14%
Somali Jarar
14%
Amhara North Wello
14%
Amhara South Wello
14%
Somali Afder
13%
Amhara Awi
13%
SNNPR Gedeo
13%
Oromia West Guji
13%
Oromia West Hararge
13%
SNNPR Burji
12%
Somali Daawa
12%
Gambela Itang
12%
Benishangul-Gumuz Metekel
12%
Somali Fafan
11%
Benishangul-Gumuz Kamashi
11%
Somali Korahe
11%
Benishangul-Gumuz Mao Komo
11%
Somali Nogob
11%
Somali Siti
11%
Oromia Buno Bedele
10%
Somali Doolo
10%
Somali Liban
10%
Gambela Nuwer
10%
Amhara Wag Hamra
10%
SNNPR Wolayita
10%
SNNPR Gamo
9%
Gambela Majang
9%
South West Sheka
9%
Gambela Agnewak
8%
SNNPR Alle
8%
SNNPR Amaro
8%
SNNPR Basketo
8%
South West Bench Sheko
8%
SNNPR Gofa
8%
South West Kefa
8%
South West Konta
8%
SNNPR Yem
8%
Oromia Kelem Wellega
7%
SNNPR Halaba
6%
SNNPR Derashe
5%
SNNPR Kembata Tembaro
5%
SNNPR Siltie
5%
Oromia Ilu Aba Bora
4%
South West Dawuro
3%
Oromia Horo Gudru Wellega
3%
No matching quizzes found
Score Distribution
Percent of People with Each Score
Percentile by Number Answered
Your Score History
You have not taken this quiz